Statystyki dla Państwa z najbardziej północnymi punktami południowymi

Kliknij tutaj aby rozwiązać quiz!

Ogólne statystyki

  • Ten quiz został rozwiązany 4 076 razy
  • Średni wynik to 17 z 20

Statystyki odpowiedzi

SzerokośćKraj% Poprawnych
58,00 °NNorwegia
96%
59,48 °NFinlandia
94%
49,00 °NPolska
94%
55,20 °NSzwecja
94%
54,34 °NDania
93%
63,23 °NIslandia
91%
57,31 °NEstonia
90%
53,54 °NLitwa
90%
55,40 °NŁotwa
89%
47,17 °NNiemcy
89%
49,57 °NWielka Brytania
88%
50,16 °NHolandia
85%
49,30 °NBelgia
84%
51,15 °NBiałoruś
84%
51,26 °NIrlandia
83%
48,33 °NCzechy
81%
47,44 °NSłowacja
80%
49,27 °NLuksemburg
78%
46,23 °NAustria
74%
47,03 °NLiechtenstein
65%

Rozkład punktacji

Percentyl według liczby udzielonych odpowiedzi

Procent ludzi z każdym wynikiem

Twoja historia wyników

Nie rozwiązałeś tego quizu